000 00711 a2200241 4500
003 MN-UlNLM
005 20230502192235.0
008 a130s1982 mp ||||| |||| 00| 0 mon d
040 _aМонгол Улсын Үндэсний номын сан
041 _amon
084 _210-t
_a89Мон
_bМ 692
_q84
245 0 _aМонгол ардын үлгэр домог
250 _a1
260 1 _c1982
_aУБ
_bУХГ
300 _a174х
490 _vЦувр. 2(5)
500 _a31 үлгэр, 30 домог багтсан.
546 _aMongolia
653 _aУран зохиол
_aАрдын аман зохиол, утга зохиол
856 _aprintbook
942 _cBK
999 _c57099
_d57099